[Event "VIE-ch U13 Girls"]
[Site "Ho Chi Minh City"]
[Date "2022.07.15"]
[Round "7"]
[White "Tran, Mai Xuan Uyen"]
[Black "Luu, Hai Yen"]
[Result "1-0"]
[WhiteElo "2124"]
[BlackElo "2126"]
[PlyCount "81"]
[EventDate "2022.07.11"]
[EventType "swiss"]
[EventRounds "9"]
[EventCountry "VIE"]
[SourceTitle "EXT 2023"]
[Source "ChessBase"]
[SourceDate "2022.10.05"]
[SourceVersion "1"]
[SourceVersionDate "2022.10.05"]
[SourceQuality "1"]

1. e4 c5 2. Nc3 Nc6 3. g3 g6 4. Bg2 Bg7 5. d3 d6 6. f4 e6 7. Nf3 Nge7 8. h3 a6 9. 0-0 0-0 10. Be3 Nd4 11. g4 f5 12. Rb1 Nec6 13. g5 Nb4 14. Ne1 Rb8 15. a3 Nbc6 16. h4 Qe8 17. Ne2 Nxe2+ 18. Qxe2 Nd4 19. Qd1 e5 20. c3 Nc6 21. Qe2 Be6 22. Nc2 b5 23. Rbe1 Ne7 24. fxe5 Bxe5 25. exf5 Nxf5 26. Bxc5 Rf7 27. Bxd6 Bg3 28. Bxb8 Qxb8 29. Rxf5 Bxf5 30. Bd5 Bxe1 31. Bxf7+ Kxf7 32. Nxe1 Qg3+ 33. Ng2 Bxd3 34. Qf2+ Qxf2+ 35. Kxf2 Bc4 36. Ke3 Ke6 37. b4 Ke5 38. Ne1 Bf7 39. Nd3+ Kf5 40. Kd4 Kg4 41. Ne5+ 1-0

[Event "VIE-ch U13 Girls"]
[Site "Hanoi"]
[Date "2022.06.15"]
[Round "6"]
[White "Tran, Mai Xuan Uyen"]
[Black "Tran, Ha Gia Linh"]
[Result "1/2-1/2"]
[WhiteElo "2127"]
[BlackElo "2143"]
[PlyCount "61"]
[EventDate "2022.06.11"]
[EventType "swiss"]
[EventRounds "9"]
[EventCountry "VIE"]
[SourceTitle "EXT 2023"]
[Source "ChessBase"]
[SourceDate "2022.10.05"]
[SourceVersion "1"]
[SourceVersionDate "2022.10.05"]
[SourceQuality "1"]

1. e4 e6 2. d4 d5 3. exd5 exd5 4. Bd3 Bd6 5. Nf3 Nf6 6. 0-0 0-0 7. h3 h6 8. Be3 Be6 9. Nbd2 Nbd7 10. b3 Rc8 11. Re1 c5 12. a4 c4 13. bxc4 dxc4 14. Be2 Nd5 15. Ne4 Bb4 16. Rf1 f5 17. Nc5 Nxc5 18. dxc5 Nc3 19. Qe1 Bd5 20. Bd2 Nxe2+ 21. Qxe2 Re8 22. Ne5 Bxd2 23. Qxd2 Rxe5 24. Rfd1 Rxc5 25. Qd4 Qg5 26. g3 Qe7 27. Qc3 Re4 28. Re1 Bc6 29. f3 Re2 30. Kf1 Rxe1+ 31. Rxe1 1/2-1/2